| 000 | 00953nam a2200241 a 4500 | ||
|---|---|---|---|
| 001 | 55056 | ||
| 003 | BD-RjUL | ||
| 005 | 20211209080217.0 | ||
| 008 | 161113s1971 ii ||||| |||| 00| 0 ben d | ||
| 020 | _c: IRs 8.00 | ||
| 035 | _a(BD-RjUL)55178 | ||
| 040 |
_aBD-RjUL _bben _cBD-RjUL |
||
| 041 | _aben | ||
| 082 |
_223 _a954.9205 _bHAE 1971 |
||
| 100 |
_aহক, গাজীউল _9164120 |
||
| 245 | 1 | 0 |
_aএবারের সংগ্রাম স্বাধীনতার সংগ্রাম / _cগাজীউল হক |
| 250 | _a১ম সং . | ||
| 260 |
_aকলিকাতা : _bইন্ডিয়ান অ্যাসোসিয়েসন, _c১৯৭১ [১৩৭৮] |
||
| 300 |
_a[২০], ১৪৭ পৃ. : _bচিত্র ; _c১৯ সেমি. |
||
| 650 |
_aমুক্তিযুদ্ধ _zবাংলাদেশ _9164121 |
||
| 650 |
_aLiberation War _zBangladesh _9164122 |
||
| 942 |
_2ddc _cBK |
||
| 999 |
_c55056 _d55056 |
||